[Event "Asia Cities-ch 17th"]
[Site "Jakarta"]
[Date "2011.04.27"]
[Round "8.1"]
[White "Yu, Yangyi"]
[Black "Hamdani, Rudin"]
[Result "1-0"]
[WhiteElo "2652"]
[BlackElo "2368"]
[PlyCount "47"]
[EventDate "2011.04.22"]
[EventType "team-swiss"]
[EventRounds "9"]
[EventCountry "INA"]
[SourceTitle "CBM 142 Extra"]
[Source "ChessBase"]
[SourceDate "2011.06.27"]
[SourceVersion "1"]
[SourceVersionDate "2011.06.27"]
[SourceQuality "1"]
[WhiteTeam "Shi Jiazhuang"]
[BlackTeam "Palembang"]
[WhiteTeamCountry "CHN"]
[BlackTeamCountry "INA"]

1. e4 c5 2. Nf3 d6 3. d4 cxd4 4. Nxd4 Nf6 5. Nc3 Nc6 6. Bc4 e6 7. Bb3 Be7 8. Be3 0-0 9. Qe2 a6 10. 0-0-0 Qc7 11. Rhg1 b5 12. g4 g6 13. Nxc6 Qxc6 14. Nd5 Bd8 15. Bd4 Nd7 16. Qe3 e5 17. Qh6 exd4 18. Rd3 Re8 19. g5 Re6 20. f4 Ra7 21. f5 Nf8 22. f6 Rxf6 23. gxf6 Ne6 24. Rh3 1-0

[Event "Asia Cities-ch 17th"]
[Site "Jakarta"]
[Date "2011.04.25"]
[Round "5.2"]
[White "Hamdani, Rudin"]
[Black "Ghaem Maghami, Ehsan"]
[Result "0-1"]
[WhiteElo "2368"]
[BlackElo "2606"]
[PlyCount "90"]
[EventDate "2011.04.22"]
[EventType "team-swiss"]
[EventRounds "9"]
[EventCountry "INA"]
[SourceTitle "CBM 142 Extra"]
[Source "ChessBase"]
[SourceDate "2011.06.27"]
[SourceVersion "1"]
[SourceVersionDate "2011.06.27"]
[SourceQuality "1"]
[WhiteTeam "Palembang"]
[BlackTeam "Tehran"]
[WhiteTeamCountry "INA"]
[BlackTeamCountry "IRI"]

1. e4 c5 2. Nf3 d6 3. d4 cxd4 4. Nxd4 Nf6 5. Nc3 a6 6. Be3 e5 7. Nf3 Be7 8. Bc4 0-0 9. Bb3 Nc6 10. h3 Be6 11. 0-0 h6 12. Qd3 Rc8 13. Rfd1 Qc7 14. Qe2 Na5 15. Nh2 Nc4 16. Bc1 Qd7 17. Nf1 b5 18. Ng3 Rfd8 19. Nh5 Nxh5 20. Qxh5 Na5 21. Bd5 b4 22. Ne2 Rxc2 23. Ng3 Bf8 24. Nf5 Kh7 25. Ne3 Rcc8 26. Qe2 Qb5 27. Qh5 Qd7 28. Ng4 Qe7 29. Ne3 Nc6 30. Qe2 a5 31. Qd3 Kg8 32. Bd2 Nd4 33. a3 Rb8 34. axb4 axb4 35. Rf1 g6 36. Ra4 b3 37. f4 exf4 38. Rxf4 Nc2 39. Nf5 Qd7 40. Ra5 Nb4 41. Qd4 Nxd5 42. exd5 Bxf5 43. Bc3 f6 44. g4 Re8 45. gxf5 g5 0-1

[Event "Asia Cities-ch 17th"]
[Site "Jakarta"]
[Date "2011.04.23"]
[Round "2.2"]
[White "So, Wesley"]
[Black "Hamdani, Rudin"]
[Result "0-1"]
[WhiteElo "2667"]
[BlackElo "2368"]
[PlyCount "68"]
[EventDate "2011.04.22"]
[EventType "team-swiss"]
[EventRounds "9"]
[EventCountry "INA"]
[SourceTitle "CBM 142 Extra"]
[Source "ChessBase"]
[SourceDate "2011.06.27"]
[SourceVersion "1"]
[SourceVersionDate "2011.06.27"]
[SourceQuality "1"]
[WhiteTeam "Tagaytay"]
[BlackTeam "Palembang"]
[WhiteTeamCountry "PHI"]
[BlackTeamCountry "INA"]

1. e4 c5 2. Nf3 d6 3. Nc3 Nc6 4. d4 cxd4 5. Nxd4 Nf6 6. Bg5 e6 7. Qd2 Be7 8. 0-0-0 0-0 9. f3 a6 10. h4 Nxd4 11. Qxd4 Qa5 12. Kb1 b5 13. a3 Rd8 14. Qd2 Qc7 15. g4 Bb7 16. Ne2 Rac8 17. Ng3 Ba8 18. Rg1 Bc6 19. Bh3 a5 20. Rg2 b4 21. Nh5 Ne8 22. axb4 d5 23. Bxe7 Qxe7 24. e5 axb4 25. g5 Bb5 26. Rg4 Bc4 27. b3 Ra8 28. Qd4 Nc7 29. g6 hxg6 30. Nf6+ gxf6 31. exf6 Qf8 32. bxc4 dxc4 33. Qg1 Rxd1+ 34. Qxd1 Nb5 0-1

[Event "Jakarta Telin op"]
[Site "Jakarta"]
[Date "2011.04.07"]
[Round "9"]
[White "Karlovich, Anastazia"]
[Black "Hamdani, Rudin"]
[Result "1/2-1/2"]
[WhiteElo "2204"]
[BlackElo "2368"]
[PlyCount "73"]
[EventDate "2011.04.01"]
[EventType "swiss"]
[EventRounds "9"]
[EventCountry "INA"]
[SourceTitle "CBM 141 Extra"]
[Source "ChessBase"]
[SourceDate "2011.05.03"]
[SourceVersion "1"]
[SourceVersionDate "2011.05.03"]
[SourceQuality "1"]

1. e4 c5 2. Nf3 d6 3. Bc4 e6 4. Qe2 a6 5. a4 Nf6 6. e5 dxe5 7. Nxe5 Bd6 8. f4 0-0 9. b3 Nd5 10. 0-0 f6 11. Nd3 Nc6 12. Bb2 Rb8 13. Na3 Na5 14. Kh1 Re8 15. Qh5 Bf8 16. Rae1 Nxc4 17. bxc4 Ne7 18. Nxc5 Nf5 19. Ne4 Bd7 20. Rf3 g6 21. Qh3 e5 22. Rd3 Bg7 23. fxe5 fxe5 24. Nc5 Re7 25. Nxd7 Rxd7 26. Bxe5 Rxd3 27. Qxd3 Qxd3 28. cxd3 Re8 29. g4 Nh6 30. Bg3 Rd8 31. Re3 Nxg4 32. Rf3 Nh6 33. Nc2 Nf5 34. Nb4 Rc8 35. Kg2 Nd4 36. Nd5 Rc5 37. Rf1 1/2-1/2